000 00823nam a22002657a 4500
001 6622
003 FISKH
005 20250523105406.0
008 250516b cb ||||| |||| 00| 0 eng d
020 _a9780448419732
040 _aFISKH
_beng
_cFISKH
_dFISKH
050 _aPZ7
082 _a813.52
100 _aPiper, Watty
245 _aThe little engine that could helps out /
_cRetold by Watty Piper ; Illustrated by Cristina Ong
260 _aNew York :
_bPenguin Groups,
_c1995.
300 _a24 pages :
_bcolor illustrations ;
_c23 cm
505 _aC
520 _aThe little blue engine encourages a clown, unable to ride his birthday bike, to keep trying.
521 8 _a100
_bLexile
521 8 _aC
_bRaz-Plus
650 _aDetermination
_vBeginner
942 _2ddc
_cBK
_n0
999 _c6622
_d6622